Word perfect: street talk - 3

Gespeichert in:
Bibliographische Detailangaben
1. Verfasser: DAVID BURKE
Format: Buch
Sprache:Undetermined
Veröffentlicht: Tp HCM 2001
Tags: Tag hinzufügen
Keine Tags, Fügen Sie den ersten Tag hinzu!
Thư viện lưu trữ: Trung tâm Học liệu Trường Đại học Cần Thơ
LEADER 00401nam a2200145Ia 4500
001 CTU_48553
008 210402s9999 xx 000 0 und d
082 |a 417.2 
082 |b B959/T3 
100 |a DAVID BURKE 
245 0 |a Word perfect: street talk - 3 
245 0 |c DAVID BURKE, Nguyễn Trung Tánh 
260 |b Tp HCM 
260 |c 2001 
980 |a Trung tâm Học liệu Trường Đại học Cần Thơ